Suomalaiset olympiavoittajat lajeittain - Statistics

Yleistilastot
  • Tätä visaa on pelattu 153 kertaa
  • Keskiarvotulos 55 / 160
Vastaustilastot
Laji Urheilija Vuosi % Oikein
Juoksu PaavoNurmi 1920 x 3 1924 x 51928
92%
Maastohiihto IivoNiskanen 20142018 2022
90%
Mäkihyppy MattiNykänen 19841988 x 3
90%
Juoksu LasseVirén 19721976
86%
Kuulantyöntö ArsiHarju 2000
85%
Purjehdus JyrkiJärvi 2000
85%
Keihäänheitto HeliRantanen 1996
84%
Maastohiihto SiiriRantanen 1956
84%
Paini KalleAnttila 19201924
83%
Jääkiekko MarkoAnttila 2022
83%
Maastohiihto MikaMyllylä 1998
81%
Yhdistetty SamppaLajunen 2002 x 3
80%
Ammunta SatuMäkelä-Nummela 2008
78%
Mäkihyppy ToniNieminen 1992 x 2
78%
Maastohiihto Sami Jauhojärvi 2014
77%
Juoksu HannesKolehmainen 1912 x 31920
76%
Yhdistetty Hannu
Manninen
2002
76%
Melonta MikkoKolehmainen 1992
76%
Jääkiekko SakariManninen 2022
76%
Maastohiihto KlaesKarppinen 1936
71%
Soutu PerttiKarppinen 19761980 1984
71%
Maastohiihto TapioMäkelä 1952
71%
Keihäänheitto TapioKorjus 1988
70%
Keihäänheitto TapioRautavaara 1948
69%
Maastohiihto MarjoMatikainen 1988 x 2
68%
Maastohiihto JuhaMieto 1976
67%
Maastohiihto KaleviHämäläinen 1960
65%
Maastohiihto Marja-LiisaHämäläinen 1984 x 31988
65%
Nyrkkeily PenttiHämäläinen 1952
65%
Jääkiekko ValtteriFilppula 2022
64%
Juoksu VilleRitola 1924 x 41928
58%
Paini Pertti Ukkola 1976
56%
Maastohiihto VeikkoHakulinen 19521956 1960
56%
Maastohiihto EeroMäntyranta 19601964 x 2
55%
Mäkihyppy JaniSoininen 1998
53%
Jousiammunta TomiPoikolainen 1980
53%
Moukarinheitto JuhaTiainen 1984
47%
Jääkiekko HannesBjörninen 2022
45%
Freestylehiihto JanneLahtela 2002
45%
Mäkihyppy JariPuikkonen 1988
45%
Painonnosto KaarloKangasniemi 1968
45%
Keihäänheitto ArtoHärkönen 1984
44%
Yhdistetty JariMantila 2002
44%
Jääkiekko MiroAaltonen 2022
44%
Voimistelu PaavoAaltonen 1948 x 3
44%
Mäkihyppy VeikkoKankkonen 1964
44%
Viisiottelu EeroLehtonen 19201924
43%
Jääkiekko JuhoOlkinuora 2022
43%
Paini KyöstiLehtonen 1956
43%
Jääkiekko MikkoLehtonen 2022
43%
Maastohiihto HeikkiHasu 1952
42%
Yhdistetty HeikkiHasu 1948
42%
Keihäänheitto MattiJärvinen 1932
42%
Maastohiihto PirkkoMäättä 1988
42%
Kiekonheitto VernerJärvinen 1906(antiikki)
42%
Maastohiihto HelenaTakalo 1976
41%
Jääkiekko MarkusGranlund 2022
41%
Mäkihyppy Ari-PekkaNikkola 19881992
40%
Yhdistetty JaakkoTallus 2002
40%
Keihäänheitto PauliNevala 1964
38%
Juoksu PekkaVasala 1972
38%
Melonta SylviSaimo 1952
38%
Pikaluistelu ClasThunberg 1924 x 31928 x 2
37%
Ammunta PenttiLinnosvuo 19561964
37%
Voimistelu SuloSalmi 1948
37%
Juoksu IlmariSalminen 1936
36%
Juoksu VolmariIso-Hollo 19321936
36%
Jääkiekko TeemuHartikainen 2022
35%
Maastohiihto UrpoKorhonen 1952
33%
Jääkiekko HarriSäteri 2022
32%
Voimistelu HeikkiSavolainen 1948 x 2
32%
Purjehdus ThomasJohanson 2000
32%
Maastohiihto VeliSaarinen 1932
32%
Maastohiihto ArtoKoivisto 1976
31%
Keihäänheitto JonniMyyrä 19201924
31%
Paini JoukoSalomäki 1984
31%
Pikaluistelu KaijaMustonen 1968
31%
Mäkihyppy JoukoTörmänen 1980
30%
Voimistelu KaleviLaitinen 1948
30%
Mäkihyppy MikaLaitinen 1992
30%
Jääkiekko SamiVatanen 2022
30%
Paini EinoLeino 1920
29%
Jääkiekko HarriPesonen 2022
29%
Taitoluistelu LudovikaJakobsson 1920
29%
Taitoluistelu WalterJakobsson 1920
29%
Maastohiihto MarjutLukkarinen 1992
28%
Kuulantyöntö VillePörhölä 1920
27%
Juoksu LauriLehtinen 1932
26%
Mäkihyppy RistoLaakkonen 1992
26%
Mäkihyppy TuomoYlipulli 1988
26%
Maastohiihto KalleJalkanen 1936
24%
Jääkiekko VillePokka 2022
24%
Maastohiihto LydiaWideman 1952
23%
Jääkiekko SakuMäenalanen 2022
23%
Jääkiekko AtteOhtamaa 2022
22%
Maastohiihto MattiPitkänen 1976
22%
Maastohiihto PerttiTeurajärvi 1976
22%
Paini VernerWeckman 19061908
22%
Taidekilpailut AaleTynni 1948
21%
Jääkiekko NiklasFriman 2022
21%
Paini OskarFriman 19201924
21%
Jääkiekko PetteriLindbohm 2022
21%
Mäkihyppy AnttiHyvärinen 1956
19%
Purjehdus EskoRechardt 1980
19%
Jääkiekko FransTuohimaa 2022
19%
Paini HermanniPihlajamäki 1932
19%
Paini KaarloMäkinen 1928
19%
Paini KustaaPihlajamäki 19241936
19%
Paini RaunoMäkinen 1956
19%
Jääkiekko JuusoHietanen 2022
18%
Nyrkkeily StenSuvio 1936
18%
Melonta Yrjö Hietanen 1952 x 2
18%
Paini LauriKoskela 1936
17%
Jääkiekko LeoKomarov 2022
17%
Voimistelu EugenEkman 1960
16%
Jääkiekko IiroPakarinen 2022
16%
Jääkiekko NikoOjamäki 2022
16%
Jääkiekko ToniRajala 2022
16%
Maastohiihto MirjaHietamies 1956
15%
Maastohiihto SuloNurmela 1936
15%
Ammunta VäinöMarkkanen 1964
15%
Jääkiekko ValtteriKemiläinen 2022
15%
Juoksu GunnarHöckert 1936
14%
Kymmenottelu PaavoYrjölä 1928
14%
Maastohiihto SirkkaPolkunen 1956
13%
Jääkiekko JoonasNättinen 2022
12%
Keihäänheitto JuliusSaaristo 1912(molemmat kädet)
12%
Maastohiihto ToimiAlatalo 1960
12%
Juoksu HarriLarva 1928
11%
Maastohiihto VäinöHuhtala 1960
11%
Voimistelu VeikkoHuhtanen 1948 x 3
11%
Paini KelpoGröndahl 1952
10%
Kolmiloikka VilleTuulos 1920
10%
Juoksu EliasKatz 1924
9%
Juoksu HeikkiLiimatainen 19201924
9%
Pikaluistelu JuliusSkutnabb 1924
9%
Melonta ThorvaldStrömberg 1952
9%
Juoksu ToivoLoukola 1928
9%
Paini YrjöSaarela 1912
9%
Paini ArvoHaavisto 1928
8%
Kiekonheitto ElmerNiklander 1920
8%
Maastohiihto MattiLähde 1936
8%
Paini KaarloKoskelo 1912
7%
Maastohiihto PaavoLonkila 1952
7%
Juoksu TeodorKoskenniemi 1920
7%
Taidekilpailut UrhoKarhumäki 1936
7%
Kiekonheitto ArmasTaipale 1912(molemmat kädet)
6%
Kiekonheitto ArmasTaipale 1912
6%
Paini EmilVäre 19121920
6%
Paini LenniViitala 1948
6%
Paini VäinöKokkinen 19281932
6%
Taidekilpailut YrjöLindegren 1948
6%
Paini AdolfLindfors 1920
5%
Melonta KurtWires 1952 x 2
5%
Voimistelu OlaviRove 1948
5%
Juoksu AlbinStenroos 1924
4%
Paini EdvardWesterlund 1924
4%
Maastohiihto JaanaSavolainen 1988
4%
Voimistelu AleSaarvala 19361948
3%
Voimistelu EinariTeräsvirta 1948
3%
Ehtoja vastaavia visoja ei löytynyt
Tulosjakauma
Jokaisen tuloksen saaneiden osuus
Persentiili vastausten määrän mukaan
Tuloshistoriasi
Et ole pelannut tätä visaa